<?xml version="1.0" encoding="UTF-8"?>
<record
    xmlns:xsi="http://www.w3.org/2001/XMLSchema-instance"
    xsi:schemaLocation="http://www.loc.gov/MARC21/slim http://www.loc.gov/standards/marcxml/schema/MARC21slim.xsd"
    xmlns="http://www.loc.gov/MARC21/slim">

  <leader>00612nam a22001817a 4500</leader>
  <controlfield tag="001">85854</controlfield>
  <controlfield tag="005">20260429155442.0</controlfield>
  <controlfield tag="008">260429n        sp ||||| |||| 00| 0 spa d</controlfield>
  <datafield tag="040" ind1=" " ind2=" ">
    <subfield code="a">M-RABA</subfield>
    <subfield code="b">spa</subfield>
    <subfield code="c">M-RABA</subfield>
  </datafield>
  <datafield tag="245" ind1="0" ind2="3">
    <subfield code="a">El escultor Victorio Macho</subfield>
    <subfield code="b">: Monumentos de Espa&#xF1;a y Am&#xE9;rica</subfield>
    <subfield code="c">/ Real Fundaci&#xF3;n de Toledo</subfield>
  </datafield>
  <datafield tag="260" ind1=" " ind2=" ">
    <subfield code="a">[Toledo]</subfield>
    <subfield code="b">: Real Fundaci&#xF3;n de Toledo</subfield>
    <subfield code="c">, s. a. </subfield>
  </datafield>
  <datafield tag="300" ind1=" " ind2=" ">
    <subfield code="a">[4] p. (sin numerar)</subfield>
    <subfield code="b">: il. b. y n. </subfield>
    <subfield code="c">; 30 cm</subfield>
  </datafield>
  <datafield tag="600" ind1="1" ind2="7">
    <subfield code="a">Macho, Victorio (</subfield>
    <subfield code="d">1887-1966)</subfield>
    <subfield code="9">29783</subfield>
  </datafield>
  <datafield tag="655" ind1=" " ind2="4">
    <subfield code="a">Folletos</subfield>
    <subfield code="9">61837</subfield>
  </datafield>
  <datafield tag="710" ind1="2" ind2=" ">
    <subfield code="a">Real Fundaci&#xF3;n de Toledo</subfield>
    <subfield code="9">4091</subfield>
  </datafield>
  <datafield tag="852" ind1=" " ind2=" ">
    <subfield code="j">F-16123</subfield>
  </datafield>
  <datafield tag="942" ind1=" " ind2=" ">
    <subfield code="c">FONDOMODER</subfield>
    <subfield code="n">0</subfield>
  </datafield>
  <datafield tag="952" ind1=" " ind2=" ">
    <subfield code="0">0</subfield>
    <subfield code="1">0</subfield>
    <subfield code="2">ddc</subfield>
    <subfield code="4">0</subfield>
    <subfield code="7">0</subfield>
    <subfield code="a">RABASF</subfield>
    <subfield code="b">RABASF</subfield>
    <subfield code="c">DP2</subfield>
    <subfield code="d">2026-04-29</subfield>
    <subfield code="i">48211</subfield>
    <subfield code="l">0</subfield>
    <subfield code="o">F-16123</subfield>
    <subfield code="p">1097152</subfield>
    <subfield code="r">2026-04-29 15:54:59</subfield>
    <subfield code="w">2026-04-29</subfield>
    <subfield code="y">FONDOMODER</subfield>
  </datafield>
  <datafield tag="999" ind1=" " ind2=" ">
    <subfield code="c">85854</subfield>
    <subfield code="d">85854</subfield>
  </datafield>
</record>
